000 00512nam a22002177a 4500
003 UA-OsUOA
001 56533
007 ta
008 20081103b un ||||| |||| 00| 0 ukr d
100 _aБаєв О.
090 _a330
_bБ15
942 _cSA
040 _aUA-OsUOA
_bukr
_cUA-OsUOA
_dUA-OsUOA
245 _aСпіраль світової економіки
300 _aС.1
955 _a0
041 _aukr
080 _a330
773 0 _w56532
650 7 _a330 Економіка взагалі
_2UDC
999 _c342618
_d342618